[Event "Olimpiadi 2008 - open"]
[Site "Dresda GER"]
[Date "2008.11.13"]
[Round "1"]
[White "Aronian, L."]
[Black "Caruana, F."]
[Result "1-0"]
[WhiteElo "2757"]
[BlackElo "2640"]
[PlyCount "63"]
[EventDate "2008.11.13"]
[Source "www.chesslib.no"]
[SourceDate "2004.05.04"]

1. d4 d5 2. c4 c6 3. Nf3 Nf6 4. Nc3 e6 5. Bg5 h6 6. Bh4 dxc4 7. e4 g5 8. Bg3 b5 9. Ne5 Bb7 10. h4 g4 11. Nxg4 Nxg4 12. Qxg4 Qxd4 13. Rd1 Qg7 14. Qf4 Na6 15. Be2 Be7 16. O-O Nc5 17. e5 Qg6 18. Rd4 Rd8 19. Rfd1 Rd5 20. Qe3 h5 21. Bf3 a6 22. b4 cxb3 23. axb3 a5 24. Ne4 Nxe4 25. Bxe4 Qh6 26. Bf4 Qg7 27. Bxd5 exd5 28. Bg5 Rg8 29. f4 Qg6 30. R4d2 c5 31. Bxe7 d4 32. Bg5 1-0